<?xml version="1.0" encoding="UTF-8"?><?xml-stylesheet type="text/xsl" href="static/style.xsl"?><OAI-PMH xmlns="http://www.openarchives.org/OAI/2.0/" xmlns:xsi="http://www.w3.org/2001/XMLSchema-instance" xsi:schemaLocation="http://www.openarchives.org/OAI/2.0/ http://www.openarchives.org/OAI/2.0/OAI-PMH.xsd"><responseDate>2026-04-17T05:37:28Z</responseDate><request verb="GetRecord" identifier="oai:www.recercat.cat:2117/345685" metadataPrefix="marc">https://recercat.cat/oai/request</request><GetRecord><record><header><identifier>oai:recercat.cat:2117/345685</identifier><datestamp>2025-07-17T16:41:58Z</datestamp><setSpec>com_2072_1033</setSpec><setSpec>col_2072_452951</setSpec></header><metadata><record xmlns="http://www.loc.gov/MARC21/slim" xmlns:dcterms="http://purl.org/dc/terms/" xmlns:xsi="http://www.w3.org/2001/XMLSchema-instance" xmlns:doc="http://www.lyncode.com/xoai" xsi:schemaLocation="http://www.loc.gov/MARC21/slim http://www.loc.gov/standards/marcxml/schema/MARC21slim.xsd">
   <leader>00925njm 22002777a 4500</leader>
   <datafield ind2=" " ind1=" " tag="042">
      <subfield code="a">dc</subfield>
   </datafield>
   <datafield ind2=" " ind1=" " tag="720">
      <subfield code="a">Espí Magrinyà, Òscar</subfield>
      <subfield code="e">author</subfield>
   </datafield>
   <datafield ind2=" " ind1=" " tag="260">
      <subfield code="c">2007</subfield>
   </datafield>
   <datafield ind2=" " ind1=" " tag="520">
      <subfield code="a">El sector de la construcció a Espanya registra cada any una alta sinistralitat. Afegit a això cal estudiar les particularitats que té aquest sector, respecte als altres sectors d’activitat. Davant d’això i veient que, tal com es considera a nivell europeu, la Formació és la clau de la Seguretat en la construcció, és convenient implantar un sistema que gestioni específicament la formació en Prevenció de Riscos Laborals dels treballadors del sector constructiu. Així s’intenta donar resposta a les necessitats formatives que, a nivell legal, tenen les empreses constructores respecte als seus treballadors. &#xd;
 L’objectiu d’aquest projecte és proposar un model de gestió de la formació en prevenció de riscos laborals per les empreses del sector de la construcció. Per aconseguir-ho és necessària l’elaboració del manual de gestió, amb els procediments i registres que el desenvolupen i repartint responsabilitats a tots els nivells, complint així tots els requisits de la Legislació aplicable en aquesta matèria.</subfield>
   </datafield>
   <datafield tag="653" ind2=" " ind1=" ">
      <subfield code="a">Àrees temàtiques de la UPC::Edificació::Seguretat en la construcció</subfield>
   </datafield>
   <datafield tag="653" ind2=" " ind1=" ">
      <subfield code="a">Industrial hygiene</subfield>
   </datafield>
   <datafield tag="653" ind2=" " ind1=" ">
      <subfield code="a">Employees -- Training of</subfield>
   </datafield>
   <datafield tag="653" ind2=" " ind1=" ">
      <subfield code="a">Building -- Safety measures</subfield>
   </datafield>
   <datafield tag="653" ind2=" " ind1=" ">
      <subfield code="a">Salut en el treball</subfield>
   </datafield>
   <datafield tag="653" ind2=" " ind1=" ">
      <subfield code="a">Personal -- Formació</subfield>
   </datafield>
   <datafield tag="653" ind2=" " ind1=" ">
      <subfield code="a">Construcció -- Mesures de seguretat</subfield>
   </datafield>
   <datafield ind2="0" ind1="0" tag="245">
      <subfield code="a">Model de gestió dels aspectes formatius en una obra de construcció</subfield>
   </datafield>
</record></metadata></record></GetRecord></OAI-PMH>